| 000 -LEADER |
| fixed length control field |
00439cam a22001337a 4500 |
| 008 - FIXED-LENGTH DATA ELEMENTS--GENERAL INFORMATION |
| fixed length control field |
180718b1978 xxu||||| |||| 00| 0 eng d |
| 082 ## - DEWEY DECIMAL CLASSIFICATION NUMBER |
| Classification number |
A99 R13/D535 |
| 100 ## - MAIN ENTRY--PERSONAL NAME |
| Personal name |
Rai, Lala Lajpat |
| 245 ## - TITLE STATEMENT |
| Title |
Story of my lifr: an unknown fragment |
| Statement of responsibility, etc. |
by Lala Lajpat Rai and edited by Joginder Singh Dhanki |
| 260 ## - PUBLICATION, DISTRIBUTION, ETC. |
| Place of publication, distribution, etc. |
New Delhi |
| Name of publisher, distributor, etc. |
Gitanjali Prakashan |
| Date of publication, distribution, etc. |
1978 |
| 300 ## - PHYSICAL DESCRIPTION |
| Extent |
120p. |
| 650 ## - SUBJECT ADDED ENTRY--TOPICAL TERM |
| Topical term or geographic name entry element |
Rai, Lala Lajpat, 1865-1928 |
| 700 ## - ADDED ENTRY--PERSONAL NAME |
| Personal name |
Dhanki, Joginder Singh |